Kwiaty po zdjęciach - Statystyki

Ogólne statystyki
  • Ten quiz został rozwiązany 272 razy
  • Średni wynik to 7 z 10
Statystyki odpowiedzi
Obrazkowy Odpowiedź % Poprawnych
Róża
99%
Tulipan
99%
Bratek
88%
Stokrotka
87%
Przebiśnieg
78%
Konwalia
66%
Niezapominajka
66%
Fiołek
52%
Hiacynt
50%
Zawilec
26%
Nie znaleziono quizów pasujących do podanych kryteriów
Rozkład punktacji
Procent ludzi z każdym wynikiem
Percentyl według liczby udzielonych odpowiedzi
Twoja historia wyników
Nie rozwiązałeś tego quizu